Historia de la comunicación social: voces registros y conciencias.

Bibliographic Details
Main Author: Borderia Ortiz, Enric
Other Authors: Martínez Gallego, Francesc A.
Format: Libro
Language:English
Published: Madrid Síntesis 1998
Series:Periodismo 12
Subjects:
Online Access:

MARC

LEADER 00000cam a2200000 a 4500
001 003788
003 UAHC_CL
005 20170803115956.0
008 010912b xx j 000 1 eng
020 |a 8477384029 
040 |a UAHC_CL  |c UAHC_CL  |d UAHC_CL 
100 1 |a Borderia Ortiz, Enric 
245 1 0 |a Historia de la comunicación social: voces registros y conciencias. 
260 |b Síntesis  |c 1998  |a Madrid 
300 |a 463 p. 
490 0 |a Periodismo  |v 12 
650 4 |a COMUNICACION  |x ASPECTOS SOCIALES 
650 4 |a MEDIOS DE COMUNICACION DE MASAS  |x HISTORIA 
700 1 |a Martínez Gallego, Francesc A. 
700 1 |a Martínez Gallego, Francesc A. 
900 |a 302.2 BOR 
942 |c BK 
952 |0 0  |1 0  |4 0  |6 302_200000000000000_BOR  |7 0  |8 General  |9 8470  |a BC  |b BC  |c General  |d 2017-08-03  |l 0  |o 302.2 BOR  |p 1316421  |r 2026-01-07 00:00:00  |t 1  |w 2017-08-03  |y BK 
999 |c 3788  |d 3788